000 00563nam a22002297a 4500
003 UA-OsUOA
001 21574
007 ta
008 20031211b un ||||| |||| 00| 0 ukr d
100 _aАнтош Галина
090 _a82
_bА72
942 _cSA
040 _aUA-OsUOA
_bukr
_cUA-OsUOA
_dUA-OsUOA
245 _aЗнову про "Катерину" Тараса Шевченка
300 _aС.25-27
955 _a0
041 _aukr
080 _a82
044 _aUA
773 0 _w0
_tДивослово
_dК.
_d2003
_g№12
650 7 _2UDC
999 _c307778
_d307778